[Event "European Blitz 2017"]
[Site "Katowice POL"]
[Date "2017.12.15"]
[Round "7.29"]
[White "Polzin, Rainer"]
[Black "Kovalenko, Igor"]
[Result "0-1"]
[WhiteTitle "GM"]
[BlackTitle "GM"]
[WhiteElo "2404"]
[BlackElo "2639"]
[WhiteFideId "4610741"]
[BlackFideId "14117908"]
[EventDate "2017.12.15"]
[EventType "blitz"]

1. e4 c6 2. d4 d5 3. e5 Bf5 4. h4 Qc7 5. h5 c5 6. c3 Nc6 7. Be3 e6 8. Bd3 cxd4
9. cxd4 Bb4+ 10. Kf1 Nge7 11. a3 Ba5 12. Ne2 Rc8 13. b4 Bb6 14. b5 Na5 15. Nbc3
h6 16. Rc1 Nc4 17. a4 Ba5 18. Bxf5 Nxf5 19. Qd3 Qd7 20. g4 Nfxe3+ 21. fxe3 O-O
22. Kg2 f6 23. exf6 Rxf6 24. Rcf1 Qe7 25. Nd1 Bd2 26. Nf4 Qd7 27. Ng6 e5 28. Kh3
e4 29. Qe2 Rxf1 30. Rxf1 Bb4 31. Rf5 Nd2 32. Nf2 Nf3 33. Qa2 Ng5+ 34. Kg2 Rc4
35. Nh3 Qc7 36. Rf2 Qc8 37. Ne5 Nf3 38. Nxc4 Qxg4+ 39. Kf1 Qxh3+ 40. Ke2 Qh1 41.
Rf1 Qg2+ 42. Rf2 Qh1 43. Rf1 Qxh5 44. Nb2 Nxd4+ 0-1

[Event "European Blitz 2017"]
[Site "Katowice POL"]
[Date "2017.12.15"]
[Round "7.31"]
[White "Brodowski, Piotr"]
[Black "Fressinet, Laurent"]
[Result "0-1"]
[WhiteTitle "IM"]
[BlackTitle "GM"]
[WhiteElo "2430"]
[BlackElo "2662"]
[WhiteFideId "1124480"]
[BlackFideId "608742"]
[EventDate "2017.12.15"]
[EventType "blitz"]

1. g3 d5 2. Bg2 g6 3. c4 c6 4. Nf3 Bg7 5. O-O dxc4 6. a4 Be6 7. Ng5 Bd5 8. e4 h6
9. Nh3 Be6 10. Nf4 Bc8 11. Na3 e5 12. Ne2 Be6 13. f4 Ne7 14. b3 cxb3 15. Bb2 Nd7
16. d4 exd4 17. Nxd4 Qb6 18. a5 Qb4 19. Kh1 O-O-O 20. a6 Bxd4 21. Bxd4 Nb6 22.
axb7+ Kxb7 23. e5 Rxd4 24. Qe2 Rd2 25. Qb5 Qxb5 26. Nxb5 Nec8 0-1

[Event "European Blitz 2017"]
[Site "Katowice POL"]
[Date "2017.12.15"]
[Round "7.32"]
[White "Valsecchi, Alessio"]
[Black "Dvirnyy, Danyyil"]
[Result "1/2-1/2"]
[WhiteTitle "IM"]
[BlackTitle "GM"]
[WhiteElo "2501"]
[BlackElo "2532"]
[WhiteFideId "818860"]
[BlackFideId "817570"]
[EventDate "2017.12.15"]
[EventType "blitz"]

1. d4 Nf6 2. c4 g6 3. g3 c5 4. Nf3 Bg7 5. Bg2 O-O 6. O-O cxd4 7. Nxd4 Nc6 8. Nc3
Qa5 9. Nb3 Qh5 10. c5 d6 11. cxd6 Rd8 12. e4 Qxd1 13. Rxd1 Rxd6 14. Rxd6 exd6
15. Bf4 Ne8 16. Rd1 a5 17. Na4 Be6 18. Nb6 Ra6 19. Nd5 a4 20. Nd2 Bxd5 21. exd5
Nd4 22. Bf1 Ra5 23. Bc4 Rc5 24. Re1 Kf8 25. b4 Rc8 26. Bd3 Rc3 27. Re3 Be5 28.
Bh6+ Ng7 29. Kg2 f5 30. Nc4 Nc2 31. Bxc2 Rxc4 32. Bxa4 Rxb4 33. Bb3 Kf7 34. Bxg7
Bxg7 35. f4 Bd4 36. Re2 Bc5 37. Kf3 Rd4 38. Rc2 Rd3+ 39. Kg2 b6 40. Re2 Rc3 1/2-1/2

[Event "European Blitz 2017"]
[Site "Katowice POL"]
[Date "2017.12.15"]
[Round "7.33"]
[White "Shkapenko, Pavel"]
[Black "Mohr, Georg"]
[Result "0-1"]
[WhiteTitle "IM"]
[BlackTitle "GM"]
[WhiteElo "2431"]
[BlackElo "2473"]
[WhiteFideId "4151933"]
[BlackFideId "14600013"]
[EventDate "2017.12.15"]
[EventType "blitz"]

1. e4 Nc6 2. Nf3 d6 3. d4 Nf6 4. Nc3 Bg4 5. Bb5 a6 6. Bxc6+ bxc6 7. h3 Bh5 8. g4
Bg6 9. Qe2 e6 10. Bg5 Be7 11. O-O-O d5 12. Bxf6 Bxf6 13. h4 h6 14. Ne5 Bxe5 15.
dxe5 Qb8 16. f4 Bxe4 17. Nxe4 dxe4 18. Qxe4 Qb5 19. Rd3 O-O 20. g5 Rab8 21. b3
h5 22. Rd7 g6 23. Rhd1 Qc5 24. Qd4 Qa3+ 25. Kb1 c5 26. Qb2 Qb4 27. c4 a5 28. Qd2
Qb6 29. Kc2 a4 30. Rb1 Qc6 31. Rd3 axb3+ 32. axb3 Ra8 33. Qc3 Qg2+ 34. Rd2 Qe4+
35. Qd3 Qxf4 36. Kb2 Qxe5+ 37. Kc1 Ra1 38. Kc2 Rfa8 39. Rxa1 Qxa1 40. Qe4 Ra2+
41. Kd3 Qb1+ 0-1

[Event "European Blitz 2017"]
[Site "Katowice POL"]
[Date "2017.12.15"]
[Round "7.34"]
[White "Aleksandrov, Aleksej"]
[Black "Meissner, Felix"]
[Result "1-0"]
[WhiteTitle "GM"]
[BlackTitle "FM"]
[WhiteElo "2589"]
[BlackElo "2333"]
[WhiteFideId "13500139"]
[BlackFideId "24671827"]
[EventDate "2017.12.15"]
[EventType "blitz"]

1. d4 Nf6 2. c4 g6 3. Nc3 Bg7 4. e4 d6 5. h3 O-O 6. Be3 Nfd7 7. Nf3 e5 8. Be2
exd4 9. Nxd4 Nc6 10. O-O Re8 11. Nxc6 bxc6 12. Bd4 Bxd4 13. Qxd4 Qf6 14. Qxf6
Nxf6 15. c5 Rb8 16. cxd6 cxd6 17. b3 d5 18. exd5 Nxd5 19. Nxd5 Rxe2 20. Nc3 Rb2
21. Na4 Re2 22. Rfe1 Rxe1+ 23. Rxe1 Be6 24. Rc1 Bd5 25. Nc3 Be6 26. Ne4 Kg7 27.
Rc5 Rd8 28. f3 Bd5 29. Nc3 Kf6 30. Kf2 Rd7 31. Ke3 Ke5 32. Ra5 Kd6 33. Nxd5 cxd5
34. Kd4 Ke6 35. g4 f6 36. b4 Rb7 37. b5 h5 38. a4 hxg4 39. hxg4 Rd7 40. Ra6+ Ke7
41. f4 Kf7 42. g5 fxg5 43. fxg5 Kg7 44. Re6 Kf7 45. Rc6 Kg7 46. a5 Rb7 47. b6
axb6 48. axb6 Kf8 49. Kxd5 Rd7+ 50. Ke6 Rb7 51. Rc8+ 1-0

[Event "European Blitz 2017"]
[Site "Katowice POL"]
[Date "2017.12.15"]
[Round "7.35"]
[White "Jaracz, Pawel"]
[Black "Holemar, David"]
[Result "1-0"]
[WhiteTitle "GM"]
[BlackTitle "FM"]
[WhiteElo "2465"]
[BlackElo "2299"]
[WhiteFideId "1102222"]
[BlackFideId "307009"]
[EventDate "2017.12.15"]
[EventType "blitz"]

1. e4 c5 2. Nf3 Nc6 3. Bb5 Na5 4. O-O a6 5. Be2 e6 6. c3 Nf6 7. e5 Nd5 8. d4
cxd4 9. cxd4 Be7 10. Nbd2 b5 11. Ne4 O-O 12. Bg5 f5 13. Bxe7 Qxe7 14. Nd6 Nb7
15. Nxc8 Rfxc8 16. Ne1 Nd8 17. Bf3 Rc7 18. Qb3 Qf7 19. Nd3 Rac8 20. Bxd5 exd5
21. Nf4 Rc4 22. Rad1 Ne6 23. Nxd5 Kh8 24. Nb6 Qg6 25. Nxc8 Nf4 26. Qf3 1-0

[Event "European Blitz 2017"]
[Site "Katowice POL"]
[Date "2017.12.15"]
[Round "7.36"]
[White "Piorun, Kacper"]
[Black "Sergeev, Vladimir"]
[Result "1-0"]
[WhiteTitle "GM"]
[BlackTitle "GM"]
[WhiteElo "2651"]
[BlackElo "2406"]
[WhiteFideId "1130420"]
[BlackFideId "14101076"]
[EventDate "2017.12.15"]
[EventType "blitz"]

1. e4 Nf6 2. Nc3 d5 3. exd5 Nxd5 4. Nf3 Nxc3 5. bxc3 Bg4 6. d4 e6 7. Be2 c6 8.
O-O Nd7 9. Rb1 Qc7 10. Ng5 Bf5 11. Bd3 Bg6 12. Qf3 Nf6 13. Bf4 Qd7 14. c4 Be7
15. c3 Bxd3 16. Qxd3 h6 17. Nf3 O-O 18. h3 Rfd8 19. Ne5 Qc8 20. Qf3 Nd7 21. Ng4
Bf8 22. Rfe1 Nb6 23. c5 Nd5 24. Bc1 f5 25. Ne5 Re8 26. c4 Nf6 27. Qb3 Rb8 28.
Bf4 b6 29. Ng6 Rb7 30. Nxf8 Rxf8 31. f3 Rff7 32. cxb6 Rxb6 33. Qe3 Re7 34. Be5
Nd7 35. Bd6 Re8 36. Qa3 Qb7 37. Rxb6 axb6 38. Qb3 Kh7 39. a4 Qc8 40. Qc2 Kg8 41.
Kh2 Kh8 42. Qd3 Kg8 43. d5 exd5 44. Rxe8+ Qxe8 45. cxd5 Nf6 46. dxc6 Qxc6 47.
Qd4 Kh7 48. Be5 Nd7 49. Bxg7 Qc7+ 50. f4 Nc5 51. Be5 Qd7 52. Qxd7+ Nxd7 53. Bd4
Kg6 54. Kg3 h5 55. Kf3 Kf7 56. g4 hxg4+ 57. hxg4 fxg4+ 58. Kxg4 Ke6 59. Kg5 Kd5
60. Bg1 Kc4 61. Kf5 Kb4 62. Ke6 Nf8+ 63. Kf7 Nd7 64. f5 Kxa4 65. Ke6 Nf8+ 66.
Ke7 Nh7 67. Bxb6 Kb5 68. Bf2 Kc4 69. Kf7 Kd5 70. Kg6 Ke4 71. Bc5 Kf4 72. Be7 Kg4
73. Bd6 Ng5 74. f6 Ne6 75. f7 Kh4 76. Be7+ Kg4 77. Bd6 Kh4 78. Be5 Kg4 79. Bf6
Kf4 80. Be7 Ke4 81. Kf6 Kd5 82. Ba3 Nf4 83. f8=Q Ne6 84. Qd6+ 1-0

[Event "European Blitz 2017"]
[Site "Katowice POL"]
[Date "2017.12.15"]
[Round "7.37"]
[White "Heberla, Bartlomiej"]
[Black "Tymrakiewicz, Rafal"]
[Result "1-0"]
[WhiteTitle "GM"]
[BlackTitle "FM"]
[WhiteElo "2555"]
[BlackElo "2272"]
[WhiteFideId "1115120"]
[BlackFideId "1108832"]
[EventDate "2017.12.15"]
[EventType "blitz"]

1. Nf3 d5 2. d4 Bf5 3. c4 e6 4. Nc3 Nf6 5. Bg5 c6 6. e3 h6 7. Bxf6 Qxf6 8. Qb3
Qe7 9. Ne5 f6 10. Nd3 Na6 11. a3 Qd7 12. Nf4 Bd6 13. cxd5 exd5 14. Nfxd5 Kf8 15.
Bxa6 bxa6 16. Nb4 Rb8 17. Qc4 a5 18. Nxc6 Rxb2 19. O-O h5 20. e4 Bg4 21. Rab1
Rb6 22. d5 h4 23. h3 Bh5 24. Nd4 Bf7 25. f4 g6 26. f5 gxf5 27. exf5 Rg8 28. Ne6+
Ke7 29. Rbe1 Be5 30. Ne4 Rc8 31. Qd3 Rb5 32. Rd1 Rb7 33. d6+ Ke8 34. Qf3 Bxe6
35. fxe6 Qxe6 36. Qh5+ Qf7 37. Qg4 Rd7 38. Rc1 Rxc1 39. Rxc1 Qd5 40. Rc8+ Kf7
41. Qg8# 1-0

[Event "European Blitz 2017"]
[Site "Katowice POL"]
[Date "2017.12.15"]
[Round "7.38"]
[White "De Filomeno, Simone"]
[Black "Zelbel, Patrick"]
[Result "1-0"]
[WhiteTitle "IM"]
[BlackTitle "IM"]
[WhiteElo "2429"]
[BlackElo "2456"]
[WhiteFideId "828688"]
[BlackFideId "24624322"]
[EventDate "2017.12.15"]
[EventType "blitz"]

1. d4 Nf6 2. Nf3 e6 3. g3 c5 4. c4 cxd4 5. Nxd4 d5 6. Bg2 e5 7. Nc2 Be6 8. Nc3
d4 9. Bxb7 Nbd7 10. Ne4 Rb8 11. Nxf6+ gxf6 12. Bg2 Bxc4 13. O-O Bc5 14. b3 Be6
15. b4 Be7 16. a4 Nb6 17. b5 Nd5 18. Ba3 O-O 19. Qd2 Bxa3 20. Rxa3 Qe7 21. Rfa1
Rfd8 22. Ne1 f5 23. Nf3 f6 24. Nh4 Qf7 25. Qd3 Ne7 26. Rc1 e4 27. Qd2 Rbc8 28.
Raa1 Qg7 29. Qf4 Qg5 30. Rxc8 Nxc8 31. Qc7 Re8 32. a5 d3 33. e3 Qg7 34. Qxg7+
Kxg7 35. b6 axb6 36. a6 Na7 37. Rb1 Rb8 38. Bh3 Bc4 39. Nxf5+ Kf8 40. Nd6 Bxa6
41. Nxe4 Ke7 42. Bf1 Rd8 43. Rxb6 d2 44. Nxd2 Rxd2 45. Rxa6 Nc8 46. h4 Rb2 47.
Kg2 Rb7 48. Kf3 Rb1 49. Bd3 Rb7 50. Bxh7 Nd6 51. g4 Nf7 52. Bf5 Ne5+ 53. Kg3 Rb2
54. Ra7+ Kd6 55. h5 Rb8 56. h6 Nc6 57. Rd7+ Kc5 58. h7 Ne5 59. Rg7 Kd5 1-0

[Event "European Blitz 2017"]
[Site "Katowice POL"]
[Date "2017.12.15"]
[Round "7.39"]
[White "Kowalczyk, Rafal"]
[Black "Tomczak, Jacek"]
[Result "0-1"]
[BlackTitle "GM"]
[WhiteElo "2223"]
[BlackElo "2588"]
[WhiteFideId "1133853"]
[BlackFideId "1124668"]
[EventDate "2017.12.15"]
[EventType "blitz"]

1. e4 e6 2. d4 d5 3. e5 c5 4. c3 Nc6 5. Nf3 Qb6 6. a3 f6 7. b4 fxe5 8. Nxe5 cxd4
9. Qh5+ g6 10. Nxg6 Nf6 11. Qf3 hxg6 12. Qxf6 Rg8 13. Bd3 Be7 14. Bxg6+ Kd8 15.
Qf7 Rf8 16. Qg7 dxc3 17. Be3 d4 18. Bg5 Bxg5 19. Qxf8+ Kc7 20. O-O Qb5 21. f4
Be7 22. Qh8 Rb8 23. Nxc3 dxc3 24. Qxc3 Bd7 25. Rad1 Rf8 26. Be4 Bf6 27. Qd2 Nd4
28. Rc1+ Kb8 29. Kh1 Rh8 30. Qe3 Qh5 31. h3 Bb5 32. Rfd1 Ne2 33. Rb1 Nc3 34. Bf3
Qf7 35. Qc5 Nxd1 36. Qxb5 Nc3 37. Qd3 Nxb1 38. Qxb1 Rd8 39. Qe4 Qd7 40. Bg4 Qd5
41. Qg6 Bh4 42. Bxe6 Qd1+ 43. Kh2 Bf2 44. h4 Qg1+ 45. Kh3 Qh1+ 46. Kg4 Qxg2+ 0-1

[Event "European Blitz 2017"]
[Site "Katowice POL"]
[Date "2017.12.15"]
[Round "7.40"]
[White "Klepek, Witold"]
[Black "Olszewski, Michal"]
[Result "0-1"]
[BlackTitle "GM"]
[WhiteElo "2215"]
[BlackElo "2540"]
[WhiteFideId "1175068"]
[BlackFideId "1121251"]
[EventDate "2017.12.15"]
[EventType "blitz"]

1. e4 c5 2. Nf3 d6 3. d4 cxd4 4. Nxd4 Nf6 5. Nc3 a6 6. a3 g6 7. Be3 Bg7 8. Qd2
O-O 9. f3 Nc6 10. O-O-O Bd7 11. h4 h5 12. Bc4 b5 13. Bb3 Na5 14. Bg5 Rc8 15. Kb1
Nc4 16. Qe1 a5 17. Ndxb5 Qb6 18. a4 Nxb2 19. Bxf6 Nxa4 20. Bxa4 Bxb5 21. Nxb5
Bxf6 22. Qe2 Rc3 23. Rd3 Rc4 24. Ra3 Rb4+ 25. Bb3 Rxb5 26. Ra4 Rb8 27. Qd3 Rc5
28. e5 Rxe5 29. Qxg6+ Bg7 30. Qxf7+ Kh8 31. Qf4 Qc5 32. Qd4 Re1+ 33. Rxe1 Bxd4
34. Rxe7 Bg7 35. Re6 Qg1+ 0-1

[Event "European Blitz 2017"]
[Site "Katowice POL"]
[Date "2017.12.15"]
[Round "7.41"]
[White "Wojtaszek, Radoslaw"]
[Black "Olsen, Filip Boe"]
[Result "1-0"]
[WhiteTitle "GM"]
[BlackTitle "FM"]
[WhiteElo "2736"]
[BlackElo "2294"]
[WhiteFideId "1118358"]
[BlackFideId "1440640"]
[EventDate "2017.12.15"]
[EventType "blitz"]

1. Nf3 d5 2. e3 Nf6 3. c4 c6 4. Nc3 Bf5 5. cxd5 cxd5 6. Qb3 Bc8 7. d4 Nc6 8. Bd2
e6 9. Bd3 Bd6 10. O-O O-O 11. e4 dxe4 12. Nxe4 Be7 13. Rad1 h6 14. Bf4 Qd5 15.
Nxf6+ Bxf6 16. Bc4 Qf5 17. Qe3 Ne7 18. Bd6 Rd8 19. Bxe7 Bxe7 20. Ne5 Bd7 21. Bd3
Qg5 22. Qe4 g6 23. Qxb7 Be8 24. Qe4 Rab8 25. b3 f5 26. Qe2 Qf4 27. Bc4 Rb6 28.
Nf3 Bf7 29. Rfe1 Qd6 30. Ne5 Be8 31. d5 Bf6 32. dxe6 Qxe5 33. Rxd8 Qxe2 34.
Rxe8+ 1-0

[Event "European Blitz 2017"]
[Site "Katowice POL"]
[Date "2017.12.15"]
[Round "7.42"]
[White "Jarmula, Lukasz"]
[Black "Saric, Ivan"]
[Result "0-1"]
[WhiteTitle "IM"]
[BlackTitle "GM"]
[WhiteElo "2463"]
[BlackElo "2669"]
[WhiteFideId "1160664"]
[BlackFideId "14508150"]
[EventDate "2017.12.15"]
[EventType "blitz"]

1. e4 c6 2. d4 d5 3. e5 Bf5 4. Nd2 e6 5. Nb3 Nd7 6. Nf3 h6 7. Be2 Ne7 8. O-O Qc7
9. Be3 g5 10. Ne1 O-O-O 11. Nd3 Ng6 12. a4 f6 13. exf6 Bd6 14. g3 Nxf6 15. a5
Kb8 16. Nbc5 Ne4 17. Qe1 h5 18. a6 b6 19. Nb7 h4 20. g4 Bxh2+ 21. Kh1 Rde8 22.
gxf5 exf5 23. Nb4 Bd6 24. c4 Ng3+ 25. fxg3 hxg3+ 26. Kg1 Rxe3 27. cxd5 Qh7 28.
Nxc6+ Ka8 29. Nxd6 Qh2# 0-1

[Event "European Blitz 2017"]
[Site "Katowice POL"]
[Date "2017.12.15"]
[Round "7.43"]
[White "Ragger, Markus"]
[Black "Kastelic, Marian"]
[Result "1-0"]
[WhiteTitle "GM"]
[BlackTitle "FM"]
[WhiteElo "2657"]
[BlackElo "2255"]
[WhiteFideId "1610856"]
[BlackFideId "14602245"]
[EventDate "2017.12.15"]
[EventType "blitz"]

1. e4 e5 2. Nf3 Nc6 3. Bc4 Nf6 4. d3 Be7 5. O-O O-O 6. Re1 d6 7. a3 a6 8. Nc3
Bg4 9. h3 Bh5 10. Nd5 Nxd5 11. Bxd5 Nd4 12. g4 Nxf3+ 13. Qxf3 c6 14. gxh5 cxd5
15. exd5 f5 16. Kh1 Rc8 17. c4 Kh8 18. Rg1 b5 19. b3 Qd7 20. Bg5 Bxg5 21. Rxg5
e4 22. Qf4 exd3 23. Rag1 Rf7 24. Qd4 f4 25. Qxd3 bxc4 26. bxc4 Rxc4 27. Kh2 Rc8
28. Qxa6 h6 29. Rg6 Rc3 30. R1g4 Qf5 31. Qa8+ Kh7 32. Rxh6+ 1-0

[Event "European Blitz 2017"]
[Site "Katowice POL"]
[Date "2017.12.15"]
[Round "7.44"]
[White "Bartel, Mateusz"]
[Black "Janik, Igor"]
[Result "1/2-1/2"]
[WhiteTitle "GM"]
[BlackTitle "FM"]
[WhiteElo "2609"]
[BlackElo "2413"]
[WhiteFideId "1112635"]
[BlackFideId "1159259"]
[EventDate "2017.12.15"]
[EventType "blitz"]

1. e4 c5 2. Nf3 Nc6 3. Bb5 g6 4. O-O Bg7 5. Nc3 Nh6 6. Ne2 O-O 7. c3 d5 8. d3
Bg4 9. Ng3 Ne5 10. Bf4 dxe4 11. Bxe5 exf3 12. Re1 fxg2 13. Qd2 Be6 14. Bxg7 Kxg7
15. Re2 a6 16. Ba4 Nf5 17. Rae1 Nxg3 18. hxg3 Qd6 19. Bb3 Bxb3 20. axb3 e6 21.
Re4 Rad8 22. d4 Qd5 23. Qc2 cxd4 24. Rxd4 Qf5 25. Qxf5 gxf5 26. Red1 Rxd4 27.
Rxd4 Kf6 28. Rd7 Rb8 29. b4 e5 30. Kxg2 Ke6 31. Rc7 h6 32. Kf3 f6 33. Ke3 h5 34.
Rh7 Rd8 35. Rxb7 f4+ 36. gxf4 Rd1 37. fxe5 fxe5 38. Rb6+ Kf5 39. Rxa6 Re1+ 40.
Kf3 Rb1 41. Rh6 Kg5 42. Rc6 Rxb2 43. Rc8 Kf5 44. Ke3 h4 45. Rh8 Rc2 46. Kd3 Rxf2
47. Rxh4 Rf3+ 48. Kc4 e4 49. Rh8 Kf4 50. Re8 e3 51. b5 Kg3 52. Kc5 Kf2 53. c4 e2
54. Rxe2+ Kxe2 55. Kd6 Kd3 56. b6 Kxc4 57. b7 Rf8 58. Kc7 1/2-1/2

[Event "European Blitz 2017"]
[Site "Katowice POL"]
[Date "2017.12.15"]
[Round "7.45"]
[White "Hracek, Zbynek"]
[Black "Dragicevic, Drazen"]
[Result "1-0"]
[WhiteTitle "GM"]
[BlackTitle "FM"]
[WhiteElo "2592"]
[BlackElo "2339"]
[WhiteFideId "300071"]
[BlackFideId "1707922"]
[EventDate "2017.12.15"]
[EventType "blitz"]

1. d4 Nf6 2. Bf4 g6 3. Nc3 d5 4. e3 Bg7 5. Be2 O-O 6. Nb5 Na6 7. Nf3 c6 8. Nc3
Nc7 9. O-O Bf5 10. b4 a5 11. b5 Ne4 12. Nxe4 dxe4 13. Bxc7 Qxc7 14. Nd2 c5 15.
c3 cxd4 16. cxd4 Rac8 17. Rc1 Qd7 18. Nc4 Qd8 19. Qb3 Be6 20. Rfd1 Qd5 21. Qa3
Qg5 22. Nb6 Rxc1 23. Rxc1 Bh3 24. Bf1 e5 25. d5 Rd8 26. d6 Bf8 27. Rd1 Bg4 28.
Rd2 h5 29. Nc4 h4 30. Qxa5 h3 31. g3 Be6 32. Qc7 Rd7 1-0

[Event "European Blitz 2017"]
[Site "Katowice POL"]
[Date "2017.12.15"]
[Round "7.46"]
[White "Chigaev, Maksim"]
[Black "Butkiewicz, Lukasz"]
[Result "1-0"]
[WhiteTitle "GM"]
[BlackTitle "IM"]
[WhiteElo "2555"]
[BlackElo "2453"]
[WhiteFideId "4108116"]
[BlackFideId "1122428"]
[EventDate "2017.12.15"]
[EventType "blitz"]

1. e4 c5 2. Nf3 Nc6 3. Bb5 Nf6 4. Bxc6 dxc6 5. d3 Bg4 6. h3 Bh5 7. Nc3 e6 8. Be3
Be7 9. g4 Bg6 10. Ne5 Nd7 11. Nxg6 hxg6 12. Qe2 Bg5 13. f4 Bh4+ 14. Kf1 Be7 15.
Kg2 Qc7 16. a4 O-O-O 17. a5 f5 18. a6 b6 19. Qf3 Rdf8 20. Rae1 g5 21. exf5 exf5
22. gxf5 Rxf5 23. Qe4 Rf7 24. fxg5 Rhf8 25. Rhf1 Rxf1 26. Rxf1 Rxf1 27. Kxf1 Bd8
28. Bf4 1-0

[Event "European Blitz 2017"]
[Site "Katowice POL"]
[Date "2017.12.15"]
[Round "7.47"]
[White "Brazdzionis, Andrius"]
[Black "Klekowski, Maciej"]
[Result "1-0"]
[BlackTitle "IM"]
[WhiteElo "2293"]
[BlackElo "2498"]
[WhiteFideId "12804479"]
[BlackFideId "1132717"]
[EventDate "2017.12.15"]
[EventType "blitz"]

1. d4 Nf6 2. Nf3 b6 3. c4 e6 4. a3 Bb7 5. Nc3 d5 6. Qc2 Be7 7. cxd5 exd5 8. Bf4
a6 9. g3 O-O 10. Bg2 Bd6 11. O-O Re8 12. Rac1 Qe7 13. Rfd1 Nbd7 14. Bxd6 Qxd6
15. e3 Re7 16. Nh4 g6 17. Nf3 Rae8 18. Ne2 c6 19. Nf4 Ne4 20. Nd3 Kg7 21. Bf1 f6
22. Nb4 Nf8 23. Bg2 Bc8 24. Qb3 Nxg3 25. Nxc6 1-0

[Event "European Blitz 2017"]
[Site "Katowice POL"]
[Date "2017.12.15"]
[Round "7.48"]
[White "Trent, Lawrence"]
[Black "Sabuk, Piotr"]
[Result "1-0"]
[WhiteTitle "IM"]
[BlackTitle "IM"]
[WhiteElo "2436"]
[BlackElo "2382"]
[WhiteFideId "408638"]
[BlackFideId "1137565"]
[EventDate "2017.12.15"]
[EventType "blitz"]

1. e4 e5 2. Nf3 Nc6 3. Bc4 d6 4. d4 exd4 5. Nxd4 g6 6. Nc3 Bg7 7. Be3 Nf6 8. f3
O-O 9. Qd2 Re8 10. O-O-O a6 11. Nxc6 bxc6 12. h4 Be6 13. Bb3 h5 14. g4 hxg4 15.
h5 Nxh5 16. Rdg1 g3 17. Bh6 Qf6 18. Rxh5 Qxf3 19. Rh4 Bf6 20. Rf4 Bxc3 21. bxc3
Qh5 22. Rf6 Bxb3 23. axb3 Rxe4 24. Rxg3 Qh1+ 25. Kb2 Re1 26. c4 Rae8 27. Qf4
R8e2 28. Rfxg6+ Kh8 29. Rg8+ 1-0

[Event "European Blitz 2017"]
[Site "Katowice POL"]
[Date "2017.12.15"]
[Round "7.49"]
[White "Dubinski, Mateusz"]
[Black "Castellanos Rodriguez, Renier"]
[Result "0-1"]
[WhiteTitle "CM"]
[BlackTitle "IM"]
[WhiteElo "2249"]
[BlackElo "2501"]
[WhiteFideId "1125923"]
[BlackFideId "3404650"]
[EventDate "2017.12.15"]
[EventType "blitz"]

1. d4 Nf6 2. c4 e6 3. g3 c5 4. d5 exd5 5. cxd5 d6 6. Nc3 g6 7. Bg2 Bg7 8. Nf3
O-O 9. O-O Na6 10. Bf4 Nc7 11. Qd2 b5 12. a3 a5 13. Bh6 b4 14. axb4 axb4 15. Na4
Ncxd5 16. Bxg7 Kxg7 17. Ng5 Bb7 18. Rfd1 Bc6 19. b3 h6 20. Ne4 Bxa4 21. Nxf6
Nxf6 22. Bxa8 Bxb3 23. Rdb1 Be6 24. e4 Qb6 25. Qe3 Ng4 26. Qe2 Ne5 27. Kg2 c4
28. f4 Nd3 29. Qf3 Qd4 30. f5 Bd7 31. Bd5 b3 32. Rd1 b2 33. Rab1 Ne5 34. Rxd4
Nxf3 35. Kxf3 c3 36. Rc4 Rc8 37. Rxc8 Bxc8 38. Bb3 gxf5 39. Bc2 Bb7 40. Kf4 Kf6
41. exf5 d5 42. Re1 d4 43. g4 Bd5 44. h4 Bc4 45. g5+ hxg5+ 46. hxg5+ Kg7 47. f6+
Kf8 48. Ke4 d3 49. Bxd3 Bb3 50. Re2 Bc4 51. Re1 Bb3 52. Rh1 Ke8 53. Bb5+ Kd8 54.
Bd3 c2 55. Bxc2 Bxc2+ 56. Kd4 b1=Q 57. Rxb1 Bxb1 58. Ke5 Bg6 59. Kd6 Ke8 60. Kc7
Kf8 61. Kd8 Bf5 62. Kc7 Ke8 0-1

[Event "European Blitz 2017"]
[Site "Katowice POL"]
[Date "2017.12.15"]
[Round "7.50"]
[White "Neiksans, Arturs"]
[Black "Tokranovs, Dmitrijs"]
[Result "0-1"]
[WhiteTitle "GM"]
[BlackTitle "FM"]
[WhiteElo "2590"]
[BlackElo "2348"]
[WhiteFideId "11601388"]
[BlackFideId "11603011"]
[EventDate "2017.12.15"]
[EventType "blitz"]

1. g3 Nf6 2. Bg2 g6 3. e4 d6 4. d4 Bg7 5. Nc3 O-O 6. Nf3 c5 7. dxc5 dxc5 8. Qxd8
Rxd8 9. Be3 Na6 10. O-O h6 11. a3 Be6 12. h3 b6 13. Ne5 Rac8 14. Nd3 Nb8 15. Nf4
Bc4 16. Rfd1 Nc6 17. Bf1 Bxf1 18. Kxf1 Nd4 19. Rac1 e6 20. Kg2 Nd7 21. Nd3 Nb8
22. a4 Nbc6 23. Nb5 Ne2 24. Rb1 c4 25. Nf4 Nxf4+ 26. Bxf4 Rxd1 27. Rxd1 Bxb2 28.
Bxh6 Nb4 29. Bg5 Nxc2 30. Nd6 Rc6 31. Ne8 f6 32. Nxf6+ Bxf6 33. Bxf6 Nb4 34. Rc1
Nd3 35. Rc3 e5 36. Bg5 a6 37. f4 b5 38. axb5 axb5 39. fxe5 b4 40. Rc2 b3 41. Rd2
b2 42. Rd1 c3 43. Rxd3 b1=Q 0-1

[Event "European Blitz 2017"]
[Site "Katowice POL"]
[Date "2017.12.15"]
[Round "7.51"]
[White "Kislinsky, Alexey"]
[Black "Lewicki, Miroslaw"]
[Result "1-0"]
[WhiteTitle "GM"]
[BlackTitle "CM"]
[WhiteElo "2513"]
[BlackElo "2404"]
[WhiteFideId "14108801"]
[BlackFideId "1113380"]
[EventDate "2017.12.15"]
[EventType "swiss"]

1. e4 c5 2. c3 d6 3. d4 cxd4 4. cxd4 Nf6 5. Nc3 e6 6. Nf3 Be7 7. Bd3 O-O 8. Qe2
a6 9. e5 dxe5 10. dxe5 Nd5 11. O-O Nc6 12. Qe4 g6 13. Bh6 Re8 14. Rad1 Nxc3 15.
bxc3 Qa5 16. h4 Qxc3 17. Qf4 Bf8 18. Bxf8 Rxf8 19. Qh6 f6 20. h5 Rf7 21. hxg6
hxg6 22. Bxg6 Rg7 23. Rd3 Qb2 24. Rfd1 1-0

[Event "European Blitz 2017"]
[Site "Katowice POL"]
[Date "2017.12.15"]
[Round "7.52"]
[White "Brzezinski, Mateusz"]
[Black "Tregubov, Pavel V."]
[Result "0-1"]
[BlackTitle "GM"]
[WhiteElo "2164"]
[BlackElo "2575"]
[WhiteFideId "1177117"]
[BlackFideId "4115341"]
[EventDate "2017.12.15"]
[EventType "blitz"]

1. d4 Nf6 2. Bg5 d5 3. Bxf6 exf6 4. e3 c6 5. g3 Nd7 6. Bg2 f5 7. Ne2 Nf6 8. O-O
Bd6 9. c4 dxc4 10. Nd2 O-O 11. Nxc4 Bc7 12. Rc1 Qe7 13. Qb3 Ne4 14. Rfd1 Re8 15.
Nf4 Bxf4 16. exf4 Be6 17. Qc2 Bxc4 18. Qxc4 Rad8 19. d5 cxd5 20. Rxd5 Rxd5 21.
Qxd5 g6 22. Bxe4 fxe4 23. Qc5 b6 24. Qxe7 Rxe7 25. Kf1 f5 26. Ke2 Kf7 27. Rc3
Ke6 28. f3 Kd5 29. fxe4+ Rxe4+ 30. Kf2 Rc4 31. Rd3+ Ke4 32. Rd2 a5 0-1